Detalles MARC
| 000 -LIDER |
| fixed length control field |
01698nam a2200409 a 4500 |
| 001 - NÚMERO DE CONTROL |
| Identificador de número de control |
00381 |
| 003 - IDENTIFICACDOR DE NÚMERO DE CONTROL |
| control field |
DO-SdBNP |
| 005 - DATE AND TIME OF LATEST TRANSACTION |
| control field |
20180309105246.0 |
| 007 - CAMPOS FIJOS DE DESCRIPCIÓN FÍSICA |
| fixed length control field |
00381 |
| 008 - ELEMENTOS DE LONGITUD FIJA |
| fixed length control field |
091118s2012 dr 2012 000 0 spa d |
| 020 ## - ISBN |
| International Standard Book Number |
9789945117240 (v. 3) |
| 020 ## - ISBN |
| International Standard Book Number |
9789945116403 (v. 3) Guía |
| 040 ## - FUENTE DE CATALOGACIÓN |
| Agencia que crea de manera original el registro |
BPMSU |
| Idioma de catalogación |
spa |
| Agencia que realiza la transcripción |
BPMSU |
| 092 ## - LOCALLY ASSIGNED DEWEY DECIMAL CALL NUMBER |
| Número de clasificación |
372.83 |
| Número de ítem (Cutter) |
C348s, 3ro. 2012 |
| 100 1# - ASIENTO PRINCIPAL -- NOMBRE PERSONAL |
| Nombre personal |
Ramos Santos, Henry |
| 245 10 - MENCIÓN DE TITULO |
| Título |
Sociedad 3 : |
| Subtítulo |
educación básica / |
| Mención de responsabilidad |
Henry Ramos Santos ; dirección editorial Obdulia García de Escobar ; editora Margarita Castro Catrain |
| 260 ## - PUBLICACIÓN, DISTRIBUCIÓN, ETC. (PIE DE IMPRENTA) |
| Lugar de publicación, distribución, etc |
Santo Domingo : |
| Nombre del editor, distribuidor, etc. |
Santillana, |
| Fecha de publicación, distribución, etc |
2012. |
| 300 ## - DESCRIPCIÓN FÍSICA |
| Extensión |
2 v. : |
| Otros detalles físicos |
il., mapas., retrs. ; |
| Dimensiones |
28 cm. |
| 490 1# - MENCIÓN DE SERIES |
| Mención de serie |
Innova |
| 500 ## - NOTA GENERAL |
| Nota general |
La biblioteca posee el libro y la guía |
| 505 ## - NOTA DE CONTENIDO |
| Título |
Nuestro país -- |
| -- |
El territorio donde vivo -- |
| -- |
Unidad 1. |
| -- |
El campo -- |
| -- |
Unidad 2. |
| -- |
Pueblos y ciudades -- |
| -- |
Unidad 3. |
| -- |
La industria -- |
| -- |
Unidad 4. |
| -- |
Los servicios -- |
| -- |
Unidad 5. |
| -- |
Población y gobierno -- |
| -- |
Unidad 6. |
| -- |
La vida democrática. |
| 650 ## - ENCABEZAMIENTO DE MATERIA--TEMÁTICO |
| Término temático o nombre geográfico como elemento de entrada |
CIENCIAS SOCIALES |
| Subdivisión temática general |
EDUCACIÓN PRIMARIA |
| 650 ## - ENCABEZAMIENTO DE MATERIA--TEMÁTICO |
| Término temático o nombre geográfico como elemento de entrada |
CIENCIAS SOCIALES |
| Subdivisión temática general |
LIBROS DE TEXTOS |
| 650 #4 - ENCABEZAMIENTO DE MATERIA--TEMÁTICO |
| Término temático o nombre geográfico como elemento de entrada |
CIENCIAS SOCIALES |
| Subdivisión temática general |
ESTUDIO Y EJERCICIOS |
| 650 ## - ENCABEZAMIENTO DE MATERIA--TEMÁTICO |
| Término temático o nombre geográfico como elemento de entrada |
EDUCACIÓN PRIMARIA |
| Subdivisión geográfica |
REPÚBLICA DOMINICANA |
| 650 #4 - ENCABEZAMIENTO DE MATERIA--TEMÁTICO |
| Término temático o nombre geográfico como elemento de entrada |
CIENCIAS SOCIALES |
| Subdivisión temática general |
EDUCACIÓN BÁSICA |
| 700 12 - ASIENTO SECUNDARIO -- NOMBRE PERSONAL |
| Nombre personal |
García de Escobar, Obdulia, |
| Mención de responsabilidad |
ed. |
| 700 12 - ASIENTO SECUNDARIO -- NOMBRE PERSONAL |
| Nombre personal |
Castro Catrain, Margarita, |
| Mención de responsabilidad |
ed. |
| 830 #0 - ASIENTO SECUNDARIO DE SERIE--TÍTULO UNIFORME |
| Título uniforme |
Innova |
| 910 ## - VALIDACIÓN |
| Validación |
Validado. Control de calidad MFF |
| 930 #1 - EQUIVALENCE OR CROSS-REFERENCE-UNIFORM TITLE HEADING [LOCAL, CANADA] |
| Language of a work |
BND01 |
| Medium of performance for music |
LF1 |
| Field link and sequence number |
20091130 |
| Date of a work |
04 |
| Name of part/section of a work |
OI |
| Miscellaneous information |
8658 |
| 942 ## - ADDED ENTRY ELEMENTS (KOHA) |
| Source of classification or shelving scheme |
Dewey Decimal Classification |
| Koha item type |
Libros |
| 945 ## - INFORMACIÓN DE PROCESAMIENTO LOCAL |
| Información de procesamiento local |
Remanejado para BNPHU / 2018 BT |
| 956 ## - LOCAL ELECTRONIC LOCATION AND ACCESS (OCLC) |
| Nombre de host |
YLOCKWARD |
| Número de acceso |
10 |
| Información de compresión |
20150617 |
| Inicio de sesión |
BND01 |
| Procesador de solicitud |
1122 |
| 956 ## - LOCAL ELECTRONIC LOCATION AND ACCESS (OCLC) |
| Nombre de host |
VMATEO |
| Número de acceso |
10 |
| Información de compresión |
20150617 |
| Inicio de sesión |
BMET02 |
| Procesador de solicitud |
00151 |
| 956 ## - LOCAL ELECTRONIC LOCATION AND ACCESS (OCLC) |
| Nombre de host |
BTAVÁREZ |
| Número de acceso |
10 |
| Información de compresión |
20160513 |
| Inicio de sesión |
00381 |